Orientación educativa : (Registro nro. 40678)
[ vista simple ]
| 000 -LEADER | |
|---|---|
| fixed length control field | 01475nam a2200385 i 4500 |
| 001 - CONTROL NUMBER | |
| control field | 40678 |
| 003 - CONTROL NUMBER IDENTIFIER | |
| control field | Mx-PuUPA |
| 005 - DATE AND TIME OF LATEST TRANSACTION | |
| control field | 20250623130150.0 |
| 008 - FIXED-LENGTH DATA ELEMENTS--GENERAL INFORMATION | |
| fixed length control field | 140415s2011 sp gr 001 0 spa d |
| 017 ## - COPYRIGHT OR LEGAL DEPOSIT NUMBER | |
| Copyright or legal deposit number | B-21.260-2011 |
| 020 ## - INTERNATIONAL STANDARD BOOK NUMBER | |
| International Standard Book Number | 9788499800837 |
| 040 ## - CATALOGING SOURCE | |
| Transcribing agency | Mx-PuUPA |
| Original cataloging agency | Mx-PuUPA |
| Language of cataloging | spa |
| Modifying agency | Mx-PuUPA |
| Description conventions | rda |
| 041 0# - LANGUAGE CODE | |
| Language code of text/sound track or separate title | spa |
| 245 10 - TITLE STATEMENT | |
| Title | Orientación educativa : |
| Remainder of title | atención a la diversidad y educación inclusiva / |
| Statement of responsibility, etc. | Elena Martín, Teresa Mauri, coordinadores ; Isabel Cuevas [y otros 12], autores |
| 250 ## - EDITION STATEMENT | |
| Edition statement | 1a. edición |
| 264 #1 - PRODUCTION, PUBLICATION, DISTRIBUTION, MANUFACTURE, AND COPYRIGHT NOTICE | |
| Place of production, publication, distribution, manufacture | Barcelona : |
| Name of producer, publisher, distributor, manufacturer | Editorial Graó ; |
| -- | Ministerio de Educación, |
| Date of production, publication, distribution, manufacture, or copyright notice | 2011 |
| 300 ## - PHYSICAL DESCRIPTION | |
| Extent | 190 páginas ; |
| Dimensions | 24 cm |
| 336 ## - CONTENT TYPE | |
| Fuente | rdacontent |
| Content type term | texto |
| Content type code | txt |
| 337 ## - MEDIA TYPE | |
| Source | rdamedia |
| Media type term | sin medio |
| Media type code | n |
| 338 ## - CARRIER TYPE | |
| Source | rdacarrier |
| Carrier type term | volumen |
| Carrier type code | nc |
| 490 0# - SERIES STATEMENT | |
| Series statement | Orientación y tutoría |
| 490 0# - SERIES STATEMENT | |
| Series statement | Fromación y Desarrollo Profesional del Profesorado ; |
| Volume/sequential designation | 15 |
| 500 ## - GENERAL NOTE | |
| General note | Reimpresiones: (2a. reimpresión, julio, 2018) |
| 650 #7 - SUBJECT ADDED ENTRY--TOPICAL TERM | |
| Source of heading or term | armarc |
| Topical term or geographic name entry element | Educación inclusiva |
| 650 #7 - SUBJECT ADDED ENTRY--TOPICAL TERM | |
| Source of heading or term | armarc |
| Topical term or geographic name entry element | Educación |
| General subdivision | Orientación profesional |
| 650 #7 - SUBJECT ADDED ENTRY--TOPICAL TERM | |
| Source of heading or term | armarc |
| Topical term or geographic name entry element | Formación profesional de maestros |
| 650 #7 - SUBJECT ADDED ENTRY--TOPICAL TERM | |
| Source of heading or term | armarc |
| Topical term or geographic name entry element | Integración escolar |
| 700 1# - ADDED ENTRY--PERSONAL NAME | |
| Personal name | Martín, Elena, |
| Relator term | coordinador |
| 700 1# - ADDED ENTRY--PERSONAL NAME | |
| Personal name | Mauri, Teresa, |
| Relator term | coordinador |
| 700 1# - ADDED ENTRY--PERSONAL NAME | |
| Personal name | Cuevas, Isabel, |
| Relator term | autor |
| 942 ## - ADDED ENTRY ELEMENTS (KOHA) | |
| Source of classification or shelving scheme | Dewey Decimal Classification |
| Koha item type | Libro |
| Classification part | 371.9046 |
| Item part | O65 |
| Withdrawn status | Lost status | Source of classification or shelving scheme | Damaged status | Not for loan | Collection code | Home library | Current library | Shelving location | Date acquired | Source of acquisition | Cost, normal purchase price | Serial Enumeration / chronology | Total Checkouts | Full call number | Barcode | Date last seen | Copy number | Cost, replacement price | Price effective from | Koha item type |
|---|---|---|---|---|---|---|---|---|---|---|---|---|---|---|---|---|---|---|---|---|
| Dewey Decimal Classification | General | Biblioteca Karol Wojtyla | Biblioteca Karol Wojtyla | Sala general | 09/04/2025 | 25 | 1307.00 | v.2 | 371.9046 O65 2011 | 105983 | 05/01/2026 | Ej.2 | 1307.00 | 09/04/2025 | Libro | |||||
| Dewey Decimal Classification | General | Biblioteca Karol Wojtyla | Biblioteca Karol Wojtyla | Sala general | 09/04/2025 | 25 | 1307.00 | v.2 | 371.9046 O65 2011 | 105982 | 05/01/2026 | 1307.00 | 09/04/2025 | Libro |